Os 15 principais países com mortes por Covid19; 9 setembro - Statistics

Estatísticas Gerais
  • Esse quiz foi jogado 11 vezes
  • A pontuação média é 13 de 19
Estatísticas das Respostas
país % Correto
Brasil
100%
Estados Unidos
100%
Espanha
80%
Itália
80%
México
80%
Reino Unido
80%
Rússia
80%
África do Sul
70%
Colômbia
70%
Equador
70%
França
70%
Índia
70%
Peru
70%
Chile
60%
Bélgica
40%
Irão
40%
Bolívia
30%
Panamá
30%
Suécia
30%
Nenhum quiz correspondente encontrado
Distribuição das Pontuações
Porcentagem de Pessoas com Cada Pontuação
Percentil de Números Respondidos
Sua Pontuação Histórica
Você não jogou esse quiz